[Event "DSOL 2021"]
[Site "Germany"]
[Date "2021.03.24"]
[Round "7.1"]
[White "Machelett, Heiko"]
[Black "Lieberwirth, Kasimir"]
[Result "1-0"]
[WhiteElo "2372"]
[BlackElo "2074"]
[Annotator "TA"]
[PlyCount "75"]
[EventDate "2021.01.18"]
[EventType "team-tourn"]
[EventCountry "GER"]
[SourceTitle "playchess.com"]
[Source "ChessBase"]
[SourceQuality "1"]

1. d4 d5 2. c4 c6 3. Nc3 Nf6 4. cxd5 cxd5 5. Bf4 Nc6 6. e3 Bf5 7. Qb3 Na5 8. Qa4+ Bd7 9. Qc2 e6 10. Bd3 Nc6 11. a3 Be7 12. h3 O-O 13. Nf3 Rc8 14. O-O h6 15. Rac1 a6 16. Qe2 Na5 17. Ne5 b5 18. Rc2 Nc4 19. Rfc1 Be8 20. Nb1 Bd7 21. Qd1 Re8 22. Bg3 Bf8 23. Bh4 Be7 24. Nd2 Kf8 25. Ndf3 Ne4 26. Bxe7+ Qxe7 27. Bxe4 dxe4 28. b3 exf3 29. bxc4 fxg2 30. cxb5 axb5 31. Rc7 Rxc7 32. Rxc7 Rd8 33. Qf3 Ke8 34. Ra7 b4 35. axb4 Qf6 36. Qb7 Qf5 37. Nxd7 Qxh3 38. Nf6+ 1-0

[Event "DSOL 2021"]
[Site "Germany"]
[Date "2021.03.25"]
[Round "7.1"]
[White "Brendel, Oliver"]
[Black "Kopylov, Daniel"]
[Result "1/2-1/2"]
[WhiteElo "2340"]
[BlackElo "2353"]
[Annotator "TA"]
[PlyCount "142"]
[EventDate "2021.01.18"]
[EventType "team-tourn"]
[EventCountry "GER"]
[SourceTitle "playchess.com"]
[Source "ChessBase"]
[SourceQuality "1"]

1. c4 g6 2. g3 Bg7 3. Bg2 Nf6 4. Nc3 c5 5. Nf3 Nc6 6. d4 cxd4 7. Nxd4 O-O 8. O-O d6 9. Nxc6 bxc6 10. Bxc6 Bh3 11. Bg2 Bxg2 12. Kxg2 Rc8 13. Qd3 Qc7 14. Be3 Qxc4 15. Qxc4 Rxc4 16. Bxa7 Ne4 17. Nxe4 Rxe4 18. Be3 Bxb2 19. Rab1 Bf6 20. Bh6 Ra8 21. Kf3 Rea4 22. Rb7 Rxa2 23. Rfb1 Re8 24. Rd7 Ra5 25. g4 Bg5 26. Bxg5 Rxg5 27. Rbb7 Kf8 28. e3 h5 29. h3 h4 30. Ke4 Re5+ 31. Kf3 Ra8 32. Ra7 Rxa7 33. Rxa7 Kg7 34. Rb7 Kf6 35. Ra7 g5 36. Ra8 Rb5 37. Ke4 e6 38. Ra7 Kg6 39. Ra6 d5+ 40. Kf3 Rb3 41. Rd6 Kf6 42. Rd7 Rb5 43. Rc7 Rb6 44. Rd7 Ra6 45. Kg2 Ra5 46. Rb7 Ra8 47. Kf3 Rd8 48. Ra7 Rd6 49. Ra8 e5 50. Ke2 d4 51. exd4 exd4 52. Kd3 Ke5 53. Ra5+ Rd5 54. Ra6 Rc5 55. Ke2 Rc2+ 56. Kf3 Rc3+ 57. Kg2 d3 58. Kf3 d2+ 59. Ke2 Rxh3 60. Kxd2 Kf4 61. Rf6+ Kxg4 62. Ke2 Rh1 63. Rxf7 Kh3 64. f3 Rg1 65. Rg7 Kh2 66. Kf2 h3 67. Rg8 Rg2+ 68. Kf1 Kg3 69. Rxg5+ Kxf3 70. Rxg2 hxg2+ 71. Kg1 Kg3 1/2-1/2

[Event "DSOL 2021"]
[Site "Germany"]
[Date "2021.03.26"]
[Round "7.1"]
[White "Colbow, Collin"]
[Black "Belous, Mikhail"]
[Result "1-0"]
[WhiteElo "2339"]
[BlackElo "1803"]
[Annotator "ChessBase"]
[PlyCount "167"]
[EventDate "2021.01.18"]
[EventType "team-tourn"]
[EventCountry "GER"]
[SourceTitle "playchess.com"]
[Source "ChessBase"]
[SourceQuality "1"]
[WhiteTeam "SV Werder Bremen II"]
[BlackTeam "SK Dessau I"]

1. Nf3 Nf6 2. b3 g6 3. Bb2 Bg7 4. g3 O-O 5. Bg2 d6 6. d4 Nbd7 7. O-O Re8 8. Nbd2 c6 9. e4 e5 10. dxe5 dxe5 11. Nc4 Nxe4 12. Re1 Nec5 13. Nfxe5 Nxe5 14. Bxe5 Bxe5 15. Rxe5 Qxd1+ 16. Rxd1 Ne6 17. f4 Kf8 18. Na5 f6 19. Re3 Nc7 20. Rxe8+ Kxe8 21. Kf2 Rb8 22. Rd6 Nb5 23. Rxf6 Bd7 24. g4 Bxg4 25. c4 Nc7 26. Rd6 Bd7 27. Ke3 Ke7 28. c5 Na6 29. Rd4 Nxc5 30. Rc4 Ne6 31. Rb4 Nd8 32. Re4+ Kf6 33. Rd4 Be8 34. Bh3 Nf7 35. Bg2 Nh6 36. Rb4 Nf5+ 37. Kf2 b6 38. Nxc6 Bxc6 39. Bxc6 Rd8 40. Ra4 Rd2+ 41. Ke1 Rxh2 42. Rxa7 Nd4 43. Bd5 Nc2+ 44. Kf1 Ne3+ 45. Kg1 Nxd5 46. Kxh2 Nxf4 47. Rxh7 Nd5 48. Kg3 Ke5 49. Rh6 Ne7 50. Kf3 Kd4 51. Ke2 Kc3 52. Kd1 Kb2 53. Rh2+ Ka3 54. Kc1 Nd5 55. Kb1 Nc3+ 56. Ka1 g5 57. Rc2 Nd5 58. Rc4 Nb4 59. Rc8 Nd3 60. Rg8 Nc1 61. Kb1 Ne2 62. Ra8+ Kb4 63. Kb2 g4 64. Ra4+ Kb5 65. Rxg4 Kc5 66. Rg5+ Kc6 67. a4 Nf4 68. b4 Ne6 69. Rh5 Nf4 70. Rh6+ Kc7 71. Kb3 Nd5 72. Kc4 Ne3+ 73. Kb5 Nd5 74. Rh7+ Kb8 75. Rd7 Nc3+ 76. Kxb6 Nxa4+ 77. Kc6 Nb2 78. b5 Nc4 79. Re7 Na5+ 80. Kb6 Nc4+ 81. Ka6 Nd6 82. b6 Ka8 83. Ra7+ Kb8 84. Rd7 1-0

[Event "DSOL 2021"]
[Site "Germany"]
[Date "2021.03.26"]
[Round "7.1"]
[White "Faerber, David"]
[Black "Saraci, Nderim"]
[Result "0-1"]
[WhiteElo "2319"]
[BlackElo "2415"]
[Annotator "TA"]
[PlyCount "72"]
[EventDate "2021.01.18"]
[EventType "team-tourn"]
[EventCountry "GER"]
[SourceTitle "playchess.com"]
[Source "ChessBase"]
[SourceQuality "1"]
[WhiteTeam "SV Walldorf I"]
[BlackTeam "SK Ludwigshafen I"]

1. e4 g6 2. d4 Bg7 3. Nc3 d6 4. Be3 a6 5. h4 Nf6 6. Qd2 b5 7. Bd3 Ng4 8. h5 Nc6 9. h6 Bf6 10. Nd5 Bxd4 11. Bxb5 axb5 12. Bxd4 e5 13. Be3 Nxe3 14. Nxe3 O-O 15. Ne2 b4 16. Nd5 Ba6 17. c3 bxc3 18. bxc3 Bc4 19. O-O Ra5 20. Nb4 Qa8 21. Rfc1 Nd8 22. Ng3 Ne6 23. Rd1 Nf4 24. Qe3 Bxa2 25. Nf5 Re8 26. Ng7 Rf8 27. Nf5 Kh8 28. Nxd6 cxd6 29. Qd2 Qxe4 30. f3 Ne2+ 31. Kf2 Qh4+ 32. Kxe2 Bc4+ 33. Nd3 Rxa1 34. Rxa1 e4 35. fxe4 Qxe4+ 36. Kf2 Qxd3 0-1

[Event "DSOL 2021"]
[Site "Germany"]
[Date "2021.03.22"]
[Round "7.1"]
[White "Werner, Clemens"]
[Black "Schroeder, Christoph"]
[Result "1-0"]
[WhiteElo "2264"]
[BlackElo "2166"]
[Annotator "TA"]
[PlyCount "105"]
[EventDate "2021.01.18"]
[EventType "team-tourn"]
[EventCountry "GER"]
[SourceTitle "playchess.com"]
[Source "ChessBase"]
[SourceQuality "1"]

1. e4 e6 2. d4 d5 3. Nc3 dxe4 4. Nxe4 Nf6 5. Bd3 Nbd7 6. Nf3 c5 7. O-O Nxe4 8. Bxe4 Nf6 9. Bd3 cxd4 10. Nxd4 Bc5 11. Nf3 O-O 12. Bg5 b6 13. Qe2 Bb7 14. Rad1 Qc7 15. Bxf6 gxf6 16. Be4 Rfd8 17. Bxb7 Qxb7 18. Rd3 Rxd3 19. Qxd3 Be7 20. Rd1 Rd8 21. Qe2 Rxd1+ 22. Qxd1 Qc7 23. b3 Qd6 24. Qxd6 Bxd6 25. h3 Kf8 26. Kf1 Ke7 27. g4 Bf4 28. Ne1 Kd7 29. Nd3 Bd6 30. Ke2 b5 31. Ke3 Kc6 32. Kd4 Bc7 33. c4 bxc4 34. Kxc4 Bd6 35. b4 a6 36. Nc5 Bxc5 37. bxc5 Kc7 38. Kb4 Kc6 39. Ka5 Kxc5 40. Kxa6 Kc6 41. Ka7 Kc7 42. h4 f5 43. gxf5 exf5 44. h5 f4 45. f3 h6 46. a3 f6 47. a4 f5 48. a5 Kc6 49. Kb8 Kb5 50. Kc7 Kxa5 51. Kd6 Kb6 52. Ke5 Kc6 53. Kxf4 1-0

[Event "DSOL 2021"]
[Site "Germany"]
[Date "2021.03.25"]
[Round "7.1"]
[White "Ritscher, Jan-Paul"]
[Black "Maksimovic, Marko"]
[Result "1-0"]
[WhiteElo "2254"]
[BlackElo "2144"]
[Annotator "TA"]
[PlyCount "57"]
[EventDate "2021.01.18"]
[EventType "team-tourn"]
[EventCountry "GER"]
[SourceTitle "playchess.com"]
[Source "ChessBase"]
[SourceQuality "1"]

1. d4 d5 2. Nf3 e6 3. c4 f5 4. Nc3 Nf6 5. Bf4 c6 6. e3 Bd6 7. Bd3 O-O 8. Qc2 Ne4 9. O-O-O a5 10. h4 Na6 11. a3 b6 12. Ne5 Bb7 13. g4 Rc8 14. gxf5 exf5 15. Kb1 Qe7 16. f3 Nxc3+ 17. Qxc3 c5 18. Qb3 dxc4 19. Bxc4+ Kh8 20. h5 Bxe5 21. Bxe5 cxd4 22. exd4 Nc5 23. Qxb6 Rc6 24. Qb5 Nd7 25. Qxb7 Rxc4 26. h6 Rg8 27. hxg7+ Rxg7 28. Rhg1 Nxe5 29. Qb8+ 1-0

[Event "DSOL 2021"]
[Site "Germany"]
[Date "2021.03.22"]
[Round "7.1"]
[White "Kersten, Uwe"]
[Black "Leidorf, Sebastian"]
[Result "1/2-1/2"]
[WhiteElo "2252"]
[BlackElo "2118"]
[Annotator "TA"]
[PlyCount "64"]
[EventDate "2021.01.18"]
[EventType "team-tourn"]
[EventCountry "GER"]
[SourceTitle "playchess.com"]
[Source "ChessBase"]
[SourceQuality "1"]

1. e4 e6 2. d4 d5 3. Nd2 Nf6 4. e5 Nfd7 5. Bd3 c5 6. c3 Nc6 7. Ne2 cxd4 8. cxd4 f6 9. exf6 Nxf6 10. Nf3 Bd6 11. O-O Qc7 12. h3 O-O 13. Be3 Bd7 14. Re1 Be8 15. Ng5 Bf7 16. Rc1 h6 17. Nxf7 Qxf7 18. a3 Nh5 19. Bb1 g5 20. Rc3 Nf4 21. Bxf4 gxf4 22. Kh1 Kh8 23. Ng1 Rg8 24. Nf3 Qg7 25. Rg1 Bc7 26. Qd3 Raf8 27. Qd1 Bb6 28. Rd3 e5 29. dxe5 Bxf2 30. Rxd5 Bxg1 31. Qxg1 Rd8 32. Rxd8 Rxd8 1/2-1/2

[Event "DSOL 2021"]
[Site "Germany"]
[Date "2021.03.25"]
[Round "7.1"]
[White "Marcziter, Dmitrii"]
[Black "Plischki, Sebastian"]
[Result "1-0"]
[WhiteElo "2243"]
[BlackElo "2352"]
[Annotator "TA"]
[PlyCount "97"]
[EventDate "2021.01.18"]
[EventType "team-tourn"]
[EventCountry "GER"]
[SourceTitle "playchess.com"]
[Source "ChessBase"]
[SourceQuality "1"]

1. d4 Nf6 2. c4 c5 3. d5 e6 4. Nc3 exd5 5. cxd5 d6 6. Nf3 g6 7. Nd2 Bg7 8. Nc4 O-O 9. Bf4 Nbd7 10. Bxd6 Re8 11. e3 Nb6 12. Bxc5 Nfxd5 13. Nxd5 Nxd5 14. Be2 Bxb2 15. Nxb2 Qa5+ 16. Qd2 Qxc5 17. O-O Be6 18. Rfc1 Qe7 19. Nd3 Rac8 20. h3 b6 21. Bf3 Qf6 22. e4 Ne7 23. e5 Qh4 24. Rxc8 Rxc8 25. Nf4 Qg5 26. Re1 Nf5 27. Rd1 Nh4 28. Bb7 Re8 29. Bc6 Bc4 30. Nh5 Qxd2 31. Nf6+ Kh8 32. Rxd2 Rxe5 33. Rd8+ Kg7 34. Ne8+ Kh6 35. Rd4 Bxa2 36. Rxh4+ Kg5 37. Rxh7 Rc5 38. h4+ Kf4 39. Bd7 b5 40. Nd6 Rc1+ 41. Kh2 Rd1 42. g3+ Kf3 43. Nxf7 b4 44. Ng5+ Kxf2 45. Bc6 a5 46. Ra7 Rc1 47. Rxa5 Bg8 48. Be4 b3 49. Bxg6 1-0

[Event "DSOL 2021"]
[Site "Germany"]
[Date "2021.03.26"]
[Round "7.1"]
[White "Mueller, Philipp"]
[Black "Kanacknack2"]
[Result "1-0"]
[WhiteElo "2237"]
[BlackElo "1712"]
[Annotator "TA"]
[PlyCount "73"]
[EventDate "2021.01.18"]
[EventType "team-tourn"]
[EventCountry "GER"]
[SourceTitle "playchess.com"]
[Source "ChessBase"]
[SourceQuality "1"]
[WhiteTeam "SK Rochade Augsburg"]
[BlackTeam "SG Porz II"]

1. e4 c5 2. Nf3 d6 3. Bb5+ Bd7 4. Bxd7+ Nxd7 5. O-O Ngf6 6. Qe2 e6 7. d4 cxd4 8. Nxd4 Nc5 9. f3 d5 10. Rd1 Qb6 11. Qb5+ Qxb5 12. Nxb5 Na6 13. exd5 Bc5+ 14. Kf1 Nxd5 15. c4 Nb6 16. b3 O-O 17. N1c3 Nb4 18. a3 Nc2 19. Ra2 Ne3+ 20. Bxe3 Bxe3 21. Ke2 Bf4 22. c5 Nc8 23. g3 Be5 24. f4 Bxc3 25. Nxc3 b6 26. c6 Ne7 27. c7 Rac8 28. Rd7 Nd5 29. Nxd5 exd5 30. Kd3 Rfe8 31. Re2 Kf8 32. Re5 Rxe5 33. fxe5 Ke8 34. e6 fxe6 35. Rxg7 e5 36. Rxh7 a5 37. g4 1-0

[Event "DSOL 2021"]
[Site "Germany"]
[Date "2021.03.22"]
[Round "7.1"]
[White "Schmidt, Walter"]
[Black "Lauer, Moritz"]
[Result "1/2-1/2"]
[WhiteElo "2227"]
[BlackElo "2399"]
[Annotator "TA"]
[PlyCount "82"]
[EventDate "2021.01.18"]
[EventType "team-tourn"]
[EventCountry "GER"]
[SourceTitle "playchess.com"]
[Source "ChessBase"]
[SourceQuality "1"]

1. e4 e5 2. Nf3 Nc6 3. Bb5 Nge7 4. O-O g6 5. c3 a6 6. Ba4 Bg7 7. Re1 O-O 8. d3 d6 9. Nbd2 h6 10. Nf1 f5 11. exf5 Nxf5 12. Ng3 Kh7 13. d4 Nxg3 14. hxg3 exd4 15. Nxd4 Nxd4 16. cxd4 Qf6 17. Be3 b5 18. Bc2 Bb7 19. Qd3 Rae8 20. Rad1 Bd5 21. Bb3 Be4 22. Qc3 Re7 23. Bc2 Bd5 24. Bb3 Bb7 25. Bc2 b4 26. Qd3 Be4 27. Qd2 Bd5 28. b3 a5 29. Bd3 Qf7 30. Rc1 Bb7 31. Rc2 Qd5 32. Bf1 Qf7 33. Rec1 Be4 34. Bd3 Bb7 35. Bc4 Qf5 36. Bf1 Rff7 37. Bc4 Qe4 38. Bf1 Qd5 39. Qd3 Qh5 40. Qe2 Qf5 41. Qb5 Qxb5 1/2-1/2

[Event "DSOL 2021"]
[Site "Germany"]
[Date "2021.03.22"]
[Round "7.1"]
[White "Bente, Bjoern"]
[Black "Schwekendiek, Ulrich"]
[Result "1-0"]
[WhiteElo "2226"]
[BlackElo "2271"]
[Annotator "TA"]
[PlyCount "131"]
[EventDate "2021.01.18"]
[EventType "team-tourn"]
[EventCountry "GER"]
[SourceTitle "playchess.com"]
[Source "ChessBase"]
[SourceQuality "1"]

1. d4 d5 2. c4 e6 3. Nf3 c5 4. cxd5 exd5 5. g3 Nc6 6. Bg2 Nf6 7. Nc3 Be7 8. O-O O-O 9. Bg5 cxd4 10. Nxd4 h6 11. Be3 Bg4 12. Qa4 Qd7 13. Rfd1 Rfd8 14. Nb3 Qe6 15. Rd2 Bb4 16. Rad1 Bxc3 17. bxc3 Rac8 18. Nd4 Nxd4 19. Bxd4 Ne4 20. Rb2 Nxc3 21. Bxc3 Rxc3 22. Qxa7 d4 23. Bf1 Rd7 24. Rbd2 b6 25. Qa4 d3 26. Rxd3 Rdxd3 27. Rxd3 Rc1 28. Rd1 Rxd1 29. Qxd1 Qxa2 30. Qd8+ Kh7 31. f3 Be6 32. Qxb6 g5 33. Qd4 Qb1 34. Qd3+ Qxd3 35. exd3 Kg6 36. Kf2 Kf5 37. d4 Bd5 38. Bd3+ Ke6 39. Be4 Bc4 40. Ke3 f6 41. Kd2 f5 42. Bd3 Bd5 43. f4 Ba2 44. Kc3 Kf6 45. Kb4 Bd5 46. Kc5 Be4 47. Be2 Ke6 48. Bc4+ Kd7 49. d5 Kc7 50. d6+ Kd7 51. Bb5+ Ke6 52. Bc6 Bc2 53. d7 Ke7 54. Kd4 Bb1 55. Ke5 Bc2 56. Bb5 gxf4 57. Kxf4 Bb1 58. Ke5 Bc2 59. h4 Bb1 60. Ba4 Bd3 61. d8=Q+ Kxd8 62. Kf6 Bb1 63. Bc6 Kc7 64. Be8 Kd6 65. Bg6 f4 66. gxf4 1-0

[Event "DSOL 2021"]
[Site "Germany"]
[Date "2021.03.26"]
[Round "7.1"]
[White "Welzel, Philipp"]
[Black "Wessendorf, Thomas"]
[Result "1-0"]
[WhiteElo "2208"]
[BlackElo "2252"]
[Annotator "RC"]
[PlyCount "41"]
[EventDate "2021.01.18"]
[EventType "team-tourn"]
[EventCountry "GER"]
[SourceTitle "playchess.com"]
[Source "ChessBase"]
[SourceQuality "1"]
[WhiteTeam "SV Dinslaken"]
[BlackTeam "SF Essen-Katernberg I"]

1. d4 Nf6 2. Nf3 e6 3. g3 c5 4. Bg2 Nc6 5. O-O d5 6. c4 Be7 7. cxd5 exd5 8. dxc5 O-O 9. a3 Bxc5 10. b4 Bb6 11. Nc3 Bf5 12. Bg5 d4 13. Na4 Re8 14. Nxb6 Qxb6 15. Bxf6 gxf6 16. Nh4 Be4 17. Bxe4 Rxe4 18. Nf5 Re5 19. e4 Rxe4 20. Qf3 Rae8 21. Rae1 1-0

[Event "DSOL 2021"]
[Site "Germany"]
[Date "2021.03.26"]
[Round "7.1"]
[White "Ahlberg, Matthias"]
[Black "Leyendecker, Niklas"]
[Result "0-1"]
[WhiteElo "2207"]
[BlackElo "1865"]
[Annotator "TA"]
[PlyCount "96"]
[EventDate "2021.01.18"]
[EventType "team-tourn"]
[EventCountry "GER"]
[SourceTitle "playchess.com"]
[Source "ChessBase"]
[SourceQuality "1"]
[WhiteTeam "SG Weißensee I"]
[BlackTeam "SF Birkenfeld I"]

1. e4 e6 2. Qe2 Be7 3. b3 d5 4. Bb2 Nf6 5. e5 Nfd7 6. d4 c5 7. c3 Nc6 8. f4 O-O 9. Nf3 f6 10. exf6 Nxf6 11. Nbd2 cxd4 12. Nxd4 Nxd4 13. cxd4 Bb4 14. a3 Bxd2+ 15. Qxd2 Ne4 16. Qe3 Qc7 17. Bd3 Qxf4 18. Qxf4 Rxf4 19. Bc1 Rg4 20. O-O Nd6 21. Bb2 Bd7 22. Rac1 Bb5 23. Bxb5 Nxb5 24. Rfd1 Re4 25. a4 Nd6 26. Rc7 Rc8 27. Rd7 Rc2 28. Ba3 Nf5 29. Rc1 Rxc1+ 30. Bxc1 Re1+ 31. Kf2 Rxc1 32. Rxb7 Nxd4 33. b4 Rc2+ 34. Ke3 Rc4 35. Kd3 Nc6 36. b5 Ne5+ 37. Ke3 Re4+ 38. Kf2 Rxa4 39. Re7 Nd3+ 40. Ke3 Nc5 41. Rc7 Ne4 42. Re7 Nf6 43. Rxe6 Re4+ 44. Rxe4 dxe4 45. g4 g5 46. Kd4 Kf7 47. h3 Ke6 48. Kc5 e3 0-1

[Event "DSOL 2021"]
[Site "Germany"]
[Date "2021.03.25"]
[Round "7.1"]
[White "Mohaupt, Sascha"]
[Black "Naegele, Thomas"]
[Result "1-0"]
[WhiteElo "2198"]
[BlackElo "2183"]
[Annotator "TA"]
[PlyCount "81"]
[EventDate "2021.01.18"]
[EventType "team-tourn"]
[EventCountry "GER"]
[SourceTitle "playchess.com"]
[Source "ChessBase"]
[SourceQuality "1"]

1. f4 Nf6 2. Nf3 g6 3. g3 Bg7 4. Bg2 O-O 5. O-O c5 6. d3 Nc6 7. e4 d6 8. h3 Rb8 9. a4 a6 10. Be3 b5 11. axb5 axb5 12. Nbd2 Bb7 13. g4 Nd7 14. c3 e6 15. f5 Re8 16. fxe6 fxe6 17. Qe1 Nde5 18. d4 Nxf3+ 19. Nxf3 cxd4 20. cxd4 Ra8 21. Qf2 Rxa1 22. Rxa1 Na5 23. Ng5 Re7 24. Qh4 Bf6 25. Rf1 Rg7 26. Qh6 Qe7 27. Nxh7 Rxh7 28. Qxg6+ Bg7 29. Bg5 Qd7 30. Rf6 Bc8 31. d5 Nc4 32. dxe6 Qa7+ 33. Kh2 Qe7 34. Rf8+ Qxf8 35. e7 Qxe7 36. Bxe7 Bd7 37. g5 Ne5 38. Qxd6 Ng4+ 39. Kg1 Be5 40. Qxd7 Bh2+ 41. Kh1 1-0

[Event "DSOL 2021"]
[Site "Germany"]
[Date "2021.03.22"]
[Round "7.1"]
[White "Borgmeyer, Max"]
[Black "Scholz, Christian"]
[Result "0-1"]
[WhiteElo "2182"]
[BlackElo "2366"]
[Annotator "TA"]
[PlyCount "83"]
[EventDate "2021.01.18"]
[EventType "team-tourn"]
[EventCountry "GER"]
[SourceTitle "playchess.com"]
[Source "ChessBase"]
[SourceQuality "1"]

1. e4 c5 2. Nf3 d6 3. d4 cxd4 4. Nxd4 Nf6 5. Nc3 a6 6. Be3 e5 7. Nb3 Be6 8. f3 Be7 9. Qd2 Nbd7 10. g4 b5 11. O-O-O b4 12. Ne2 d5 13. g5 d4 14. gxf6 dxe3 15. Qxe3 Bxf6 16. Kb1 Qc7 17. Ng3 g6 18. h4 h5 19. Bh3 Bxh3 20. Rxh3 a5 21. Rh2 a4 22. Nc1 Nb6 23. Nd3 b3 24. Qc5 bxa2+ 25. Ka1 Qxc5 26. Nxc5 Ke7 27. Nf1 Rhc8 28. Nd3 Nc4 29. Nb4 Rab8 30. Nd5+ Ke6 31. c3 Be7 32. f4 exf4 33. Nxf4+ Ke5 34. Rf2 Bxh4 35. Rd5+ Kf6 36. Nxh5+ Ke7 37. Nhg3 Rb3 38. Rd4 a3 39. bxa3 Rxc3 40. Rg2 Bf6 41. e5 Bxe5 42. Re4 0-1

[Event "DSOL 2021"]
[Site "Germany"]
[Date "2021.03.24"]
[Round "7.1"]
[White "Gustain, Marc"]
[Black "Mueller, Christian"]
[Result "1/2-1/2"]
[WhiteElo "2171"]
[BlackElo "2219"]
[Annotator "TA"]
[PlyCount "92"]
[EventDate "2021.01.18"]
[EventType "team-tourn"]
[EventCountry "GER"]
[SourceTitle "playchess.com"]
[Source "ChessBase"]
[SourceQuality "1"]

1. e4 c5 2. Nf3 e6 3. Nc3 a6 4. d4 cxd4 5. Nxd4 Nc6 6. Qd3 Nf6 7. Nxc6 bxc6 8. e5 Nd5 9. Ne4 Qc7 10. f4 Bb7 11. Nd6+ Bxd6 12. exd6 Qb6 13. c4 Nf6 14. Be2 c5 15. O-O Be4 16. Qd2 Qc6 17. Rf2 O-O 18. b3 Rfb8 19. Bb2 Ne8 20. Rd1 a5 21. Bf3 a4 22. Qc3 axb3 23. axb3 Rb6 24. f5 exf5 25. Bxe4 fxe4 26. Rdf1 Qxd6 27. Rxf7 Nf6 28. Rxg7+ Kxg7 29. Rxf6 Qxf6 30. Qg3+ Kf7 31. Bxf6 Rxf6 32. h3 Re8 33. Qe3 d6 34. Kh2 Re5 35. Kg3 Kg6 36. Kh2 h5 37. h4 Kf7 38. Kh3 Ke6 39. Kh2 Rg6 40. Kh3 Rf6 41. Kh2 Kd7 42. Kh3 Kc6 43. Kg3 Rf1 44. Qe2 Rf7 45. Qe3 Rg7+ 46. Kf2 Rg4 1/2-1/2

[Event "DSOL 2021"]
[Site "Germany"]
[Date "2021.03.22"]
[Round "7.1"]
[White "Boder, Jan"]
[Black "Volkmer, Andreas"]
[Result "1/2-1/2"]
[WhiteElo "2146"]
[BlackElo "2175"]
[Annotator "RC"]
[PlyCount "73"]
[EventDate "2021.01.18"]
[EventType "team-tourn"]
[EventCountry "GER"]
[SourceTitle "playchess.com"]
[Source "ChessBase"]
[SourceQuality "1"]

1. c4 g6 2. g3 Bg7 3. Bg2 c5 4. Nc3 Nc6 5. a3 d6 6. Rb1 h5 7. Nf3 Nd4 8. b4 Nf6 9. Nxd4 cxd4 10. Nd5 Nxd5 11. cxd5 O-O 12. O-O Bf5 13. d3 Qd7 14. Bb2 Rac8 15. Qb3 Bh3 16. Rfc1 Bxg2 17. Kxg2 h4 18. Rc4 Qf5 19. Rxc8 Rxc8 20. Rc1 Rxc1 21. Bxc1 h3+ 22. Kf1 b5 23. Ke1 Kh7 24. f3 Bh6 25. Bxh6 Kxh6 26. Qa2 Qe5 27. Qd2+ Kg7 28. Qf4 Qxd5 29. Qg4 Qe5 30. Qxh3 Qe3 31. Qd7 Qc1+ 32. Kf2 Qe3+ 33. Kf1 Qc1+ 34. Kg2 Qe3 35. Kf1 Qc1+ 36. Kg2 Qe3 37. Kf1 1/2-1/2

[Event "DSOL 2021"]
[Site "Germany"]
[Date "2021.03.23"]
[Round "7.1"]
[White "Gypser, Andreas"]
[Black "Griebl, Joern"]
[Result "0-1"]
[WhiteElo "2143"]
[BlackElo "2249"]
[Annotator "TA"]
[PlyCount "90"]
[EventDate "2021.01.18"]
[EventType "team-tourn"]
[EventCountry "GER"]
[SourceTitle "playchess.com"]
[Source "ChessBase"]
[SourceQuality "1"]

1. e4 c5 2. Nf3 d6 3. d4 cxd4 4. Qxd4 Nc6 5. Bb5 Bd7 6. Bxc6 Bxc6 7. Nc3 Nf6 8. Bg5 e6 9. O-O-O Be7 10. Rhe1 O-O 11. Kb1 a6 12. Qd2 Rc8 13. Nd4 b5 14. a3 Qb6 15. f3 a5 16. Nce2 b4 17. Nxc6 Qxc6 18. Nd4 Qd7 19. e5 dxe5 20. Nf5 Qb7 21. Nxe7+ Qxe7 22. a4 Rc5 23. Qe3 Rfc8 24. Re2 Qc7 25. Bxf6 gxf6 26. Qf2 Qc6 27. b3 Rd5 28. Rxd5 exd5 29. Rd2 d4 30. f4 Qe6 31. Qe2 Rc3 32. fxe5 fxe5 33. Qb5 Qd6 34. Rf2 Kf8 35. Qb7 Qe6 36. Qa8+ Kg7 37. Qd8 h6 38. Rf3 Qg6 39. Rxc3 bxc3 40. Qxa5 Qd6 41. Qb5 e4 42. Ka2 d3 43. cxd3 exd3 44. Qc4 d2 45. Qxc3+ f6 0-1

[Event "DSOL 2021"]
[Site "Germany"]
[Date "2021.03.24"]
[Round "7.1"]
[White "Einwiller, Dieter"]
[Black "Manusina, Nicole"]
[Result "1-0"]
[WhiteElo "2138"]
[BlackElo "1416"]
[Annotator "TA"]
[PlyCount "41"]
[EventDate "2021.01.18"]
[EventType "team-tourn"]
[EventCountry "GER"]
[SourceTitle "playchess.com"]
[Source "ChessBase"]
[SourceQuality "1"]

1. d4 d5 2. Bf4 Nf6 3. e3 c6 4. c4 e6 5. Nc3 Bd6 6. Bg3 O-O 7. Nf3 Re8 8. Ne5 dxc4 9. Bxc4 b5 10. Bd3 Bb7 11. O-O a6 12. Ne4 Be7 13. Rc1 Qb6 14. Nxf6+ Bxf6 15. Bxh7+ Kf8 16. Qh5 Bxe5 17. Bxe5 Qd8 18. Bg6 Ke7 19. Bxf7 Rh8 20. Qg6 Rh6 21. Qxg7 1-0

[Event "DSOL 2021"]
[Site "Germany"]
[Date "2021.03.23"]
[Round "7.1"]
[White "Lindam, Ingo"]
[Black "Jurkic, Bosiljko"]
[Result "1-0"]
[WhiteElo "2137"]
[BlackElo "1647"]
[Annotator "TA"]
[PlyCount "55"]
[EventDate "2021.01.18"]
[EventType "team-tourn"]
[EventCountry "GER"]
[SourceTitle "playchess.com"]
[Source "ChessBase"]
[SourceQuality "1"]

1. d4 Nf6 2. Bg5 d5 3. Nd2 e6 4. Ngf3 Be7 5. e3 O-O 6. Bd3 b6 7. Ne5 Bb7 8. c3 Nbd7 9. Qf3 Nxe5 10. dxe5 Nd7 11. Bf4 Nc5 12. Bc2 Ba6 13. O-O-O Bd3 14. Bxd3 Nxd3+ 15. Kc2 Nxf4 16. exf4 f6 17. exf6 Bxf6 18. Qg4 Qd7 19. Rhe1 Rae8 20. Nf3 Qa4+ 21. Kb1 e5 22. Rxd5 exf4 23. Rxe8 Rxe8 24. Qd7 Qe4+ 25. Kc1 Rd8 26. Qxd8+ Bxd8 27. Rxd8+ Kf7 28. Ng5+ 1-0

[Event "DSOL 2021"]
[Site "Germany"]
[Date "2021.03.24"]
[Round "7.1"]
[White "Franco, Victor"]
[Black "Henn, Marcus"]
[Result "1-0"]
[WhiteElo "2129"]
[BlackElo "1576"]
[Annotator "TA"]
[PlyCount "143"]
[EventDate "2021.01.18"]
[EventType "team-tourn"]
[EventCountry "GER"]
[SourceTitle "playchess.com"]
[Source "ChessBase"]
[SourceQuality "1"]

1. c4 c5 2. Nc3 Nf6 3. e4 Nc6 4. g3 g6 5. Bg2 Bg7 6. d3 d6 7. Nge2 a6 8. O-O Rb8 9. a4 O-O 10. h3 Ne8 11. Be3 b5 12. axb5 axb5 13. Nxb5 Bxb2 14. Rb1 Bg7 15. Qd2 Nc7 16. d4 Nxb5 17. cxb5 Nxd4 18. Nxd4 cxd4 19. Bxd4 Bxd4 20. Qxd4 Qb6 21. Rfd1 Be6 22. Bf1 Rfc8 23. Ra1 Qc5 24. Qb2 Bd7 25. Rac1 Qb6 26. Rxc8+ Rxc8 27. e5 Rc5 28. exd6 exd6 29. Ra1 Bc8 30. Ra8 h5 31. Qd4 Qb7 32. Qxd6 Qxa8 33. Qxc5 Bb7 34. Qe7 Bd5 35. b6 Bh1 36. Qa7 Qd5 37. Qb8+ Kg7 38. Qc7 Qf3 39. Qe5+ Kg8 40. h4 Qc6 41. Qb8+ Kg7 42. Qc7 Qf3 43. Qe5+ Kg8 44. Qe3 Qb7 45. Bh3 Qc6 46. Kh2 Qd5 47. Qg5 Qc6 48. Qd8+ Kg7 49. Qc7 Qf3 50. Qe5+ Kg8 51. Qe1 Kg7 52. b7 Qxb7 53. Qxh1 Qb2 54. Qf3 Kg8 55. Bg2 Kg7 56. Qe3 Kg8 57. Bd5 Qb5 58. Qf3 Qd7 59. Kg2 Kg7 60. Qe4 Qc7 61. Qe8 Qa7 62. Qd8 Qd4 63. Qd7 Qf6 64. Qxf7+ Qxf7 65. Bxf7 Kxf7 66. Kf3 Ke7 67. Kf4 Kf6 68. f3 Kf7 69. Kg5 Kg7 70. f4 Kf7 71. f5 gxf5 72. Kxf5 1-0